| 000 | 00839nam a2200229 i 4500 | ||
|---|---|---|---|
| 001 | bg | ||
| 245 | 1 | 0 |
_aInquiries into European higher education in civil engineering : _bEuropean civil engineering education and training : Socrates-Erasmus thematic network project. Vol.1 / _ced. by Iacint Manoliu and Tudor Bugnariu. |
| 260 |
_aBucure~9sti : _bIndependent Film, _c2001. |
||
| 300 |
_a309 s. : _bil. ; _c24 cm. |
||
| 504 | _aBibliogr. | ||
| 650 | 9 |
_aSzkolnictwo wyższe _zEuropa _yod 1989 r. |
|
| 650 | 9 |
_aBudownictwo _xszkolnictwo wyższe _xnauczanie _zEuropa _yod 1998 r. |
|
| 700 | 1 |
_aMANOLIU, Iacint. _eRed. |
|
| 700 | 1 |
_aBUGNARIU, Tudor. _eRed. |
|
| 020 | _a9738511216 | ||
| 040 | _cBPK | ||
| 041 | 0 | _aen | |
| 080 | _a378:624](4)"1989/..." | ||
| 920 | _a973-85112-1-6 | ||
| 942 | _cKS | ||
| 008 | s pl f |000 0 pol | ||
| 999 |
_c42219 _d42219 |
||
| 856 |
_uhttp://koha.tu.koszalin.pl/cgi-bin/koha/opac-detail.pl?biblionumber=42219 _yKatalog online BPK |
||